000 00610nam a2200193Ia 4500
005 20250508153806.0
008 008 250505s9999 xx 000 0 eng d
037 _aTextual
040 _aFEDL
_beng
_cFEDL
041 _aeng
_2eng
084 _a371.21, WAT
_qFEDL
100 _aWatts A.F.
_9757120
245 0 _aAllocation of primary school leavers to courses of secondary education
260 _aTower House, London
_bNewnes Educational Publishing Company Limited
_c1950
300 _a68p.
700 _a Slater Patrick
_9764433
942 _cTEXL
_h371.21, WAT
999 _c1345523
_d1345523